[Event "EYTCC Open U18 2018"]
[Site "Bad Blankeburg"]
[Date "2018.07.18"]
[Round "7"]
[White "Roseneck, Jonas"]
[Black "Demirbas, Emre"]
[Result "1-0"]
[WhiteElo "2182"]
[BlackElo "1815"]
[Annotator "NA"]
[PlyCount "111"]
[EventDate "2018.07.12"]
[EventType "swiss"]
[EventCountry "GER"]
[SourceTitle "playchess.com"]
[Source "ChessBase"]
[SourceQuality "1"]
[WhiteTeam "Germany"]
[BlackTeam "Turkey"]
[WhiteTeamCountry "GER"]
[BlackTeamCountry "TUR"]
[TimeControl "40/5400+30:1800+30"]

1. e4 {[%emt 0:00:00]} c5 {[%emt 0:00:21]} 2. Nf3 {[%emt 0:00:00]} e6 {[%emt 0:00:05]} 3. d4 {[%emt 0:00:00]} cxd4 {[%emt 0:00:04]} 4. Nxd4 {[%emt 0:00:00]} Nf6 {[%emt 0:00:03]} 5. Nc3 {[%emt 0:00:00]} Nc6 {[%emt 0:00:02]} 6. Nxc6 {[%emt 0:00:00]} bxc6 {[%emt 0:00:04]} 7. e5 {[%emt 0:00:05]} Nd5 {[%emt 0:00:02]} 8. Ne4 {[%emt 0:00:14]} Qc7 {[%emt 0:00:07]} 9. f4 {[%emt 0:00:04]} Qb6 {[%emt 0:01:06]} 10. c4 {[%emt 0:00:08]} Ne3 {[%emt 0:04:47]} 11. Qd3 {[%emt 0:00:12]} Bb4+ {[%emt 0:00:18]} 12. Bd2 {[%emt 0:00:45] B45: Sizilianisch (Klassisches System)} O-O {[%emt 0:00:18]} 13. Rc1 {[%emt 0:00:26]} f5 {[%emt 0:13:57]} (13... Bxd2+ 14. Qxd2 Nxf1 15. Rxf1 c5 16. Rc3 d5 17. cxd5 exd5 18. Nxc5 d4 19. Qxd4 Qxb2 {½-½ (51) Savchenko,B (2585)-Pridorozhni,A (2565) Sochi 2017}) 14. Nf2 $146 {[%emt 0:09:17]} ({Vorgänger:} 14. exf6 Bxd2+ 15. Qxd2 Rb8 16. Rc3 Nxf1 17. Rxf1 Qxb2 18. fxg7 Qxd2+ 19. Kxd2 Kxg7 {1-0 (39) Bachmann,W (2132)-Gruhn,T (2034) GER email 2008}) 14... Ng4 {[%emt 0:10:20]} 15. Nd1 {[%emt 0:14:34]} d6 {[%emt 0:07:21]} 16. h3 {[%emt 0:17:31]} Nh6 {[%emt 0:09:31]} 17. Bxb4 {[%emt 0:08:56]} Qxb4+ {[%emt 0:00:25]} 18. Qc3 {[%emt 0:00:01]} a5 {[%emt 0:07:25]} 19. Nf2 {[%emt 0:09:26]} dxe5 {[%emt 0:06:27]} 20. fxe5 {[%emt 0:00:12]} Bb7 {[%emt 0:01:59]} 21. Nd3 {[%emt 0:03:50]} Qe7 {[%emt 0:00:46]} 22. Qd4 {[%emt 0:00:26]} f4 {[%emt 0:04:07]} 23. Be2 {[%emt 0:11:02]} Rad8 {[%emt 0:06:41]} 24. Qf2 {[%emt 0:04:15]} Nf5 {[%emt 0:08:03]} 25. Qxf4 {[%emt 0:06:29]} Nd4 {[%emt 0:00:57]} 26. Qg4 {[%emt 0:00:25]} Nxe2 {[%emt 0:01:09]} 27. Kxe2 {[%emt 0:00:12]} c5 {[%emt 0:01:30]} 28. Rhf1 {[%emt 0:01:37]} Rf5 {[%emt 0:04:40]} 29. Rxf5 {[%emt 0:04:27]} exf5 {[%emt 0:00:01]} 30. Qxf5 {[%emt 0:00:46]} Rd4 {[%emt 0:02:27]} 31. Nf2 {[%emt 0:02:13]} g6 {[%emt 0:02:35]} 32. Qf6 {[%emt 0:01:27]} Qxf6 {[%emt 0:00:27]} 33. exf6 {[%emt 0:00:01]} Bxg2 {[%emt 0:00:15]} 34. Rg1 {[%emt 0:00:25]} Be4 {[%emt 0:01:08]} 35. Rg4 {[%emt 0:01:11]} Bf5 {[%emt 0:00:51]} 36. Rxd4 {[%emt 0:00:58]} cxd4 {[%emt 0:00:00]} 37. h4 {[%emt 0:04:00]} Kf7 {[%emt 0:00:04]} 38. Nd3 {[%emt 0:00:11]} Be6 {[%emt 0:01:25]} 39. b3 {[%emt 0:02:05]} Kxf6 {[%emt 0:00:34]} 40. Nc5 {[%emt 0:01:35]} Bc8 {[%emt 0:02:33]} 41. a3 {[%emt 0:06:25]} h6 {[%emt 0:03:30]} 42. b4 {[%emt 0:01:47]} axb4 {[%emt 0:00:04]} 43. axb4 {[%emt 0:00:01]} Ke5 {[%emt 0:01:16]} 44. b5 {[%emt 0:02:05]} Bf5 {[%emt 0:01:33]} 45. Nb3 {[%emt 0:02:39]} g5 {[%emt 0:03:05]} 46. hxg5 {[%emt 0:03:09]} hxg5 {[%emt 0:00:28]} 47. b6 {[%emt 0:00:04]} d3+ 48. Ke3 {[%emt 0:01:13]} Kd6 {[%emt 0:03:59]} 49. c5+ {[%emt 0:00:01]} Kd7 {[%emt 0:00:11]} 50. Nd4 {[%emt 0:00:05]} Bh3 {[%emt 0:00:49]} 51. Kxd3 {[%emt 0:03:37]} Bg2 {[%emt 0:02:10]} 52. Ke3 {[%emt 0:00:16]} Bd5 {[%emt 0:00:49]} 53. Kf2 {[%emt 0:00:06]} Bf7 {[%emt 0:00:48]} 54. Kg3 {[%emt 0:00:10]} Bh5 {[%emt 0:00:11]} 55. Nf3 {[%emt 0:02:09]} Bf7 {[%emt 0:01:18]} 56. Ne5+ {[%emt 0:00:35]} 1-0

[Event "EYTCC Open U18 2018"]
[Site "Bad Blankeburg"]
[Date "2018.07.18"]
[Round "7"]
[White "Kesgin, Halit Kaan"]
[Black "Schmidek, Emil"]
[Result "0-1"]
[WhiteElo "2049"]
[BlackElo "2376"]
[Annotator "NA"]
[PlyCount "134"]
[EventDate "2018.07.12"]
[EventType "swiss"]
[EventCountry "GER"]
[SourceTitle "playchess.com"]
[Source "ChessBase"]
[SourceQuality "1"]
[WhiteTeam "Turkey"]
[BlackTeam "Germany"]
[WhiteTeamCountry "TUR"]
[BlackTeamCountry "GER"]
[TimeControl "40/5400+30:1800+30"]

1. e4 {[%emt 0:00:00]} e5 {[%emt 0:00:00]} 2. Nf3 {[%emt 0:00:00]} Nc6 {[%emt 0:00:00]} 3. Bb5 {[%emt 0:00:00]} a6 {[%emt 0:00:00]} 4. Ba4 {[%emt 0:00:00]} Nf6 {[%emt 0:00:00]} 5. O-O {[%emt 0:00:03]} Be7 {[%emt 0:00:00]} 6. Re1 {[%emt 0:00:19]} b5 {[%emt 0:00:00]} 7. Bb3 {[%emt 0:00:09]} d6 {[%emt 0:00:00]} 8. c3 {[%emt 0:00:13]} O-O {[%emt 0:00:00]} 9. h3 {[%emt 0:00:18]} Nb8 {[%emt 0:00:14]} 10. d4 {[%emt 0:00:48]} Nbd7 {[%emt 0:00:05]} 11. Nbd2 {[%emt 0:00:47]} Bb7 {[%emt 0:00:06]} 12. Bc2 {[%emt 0:01:30]} Re8 {[%emt 0:00:05]} 13. Nf1 {[%emt 0:00:49]} Bf8 {[%emt 0:00:06]} 14. Ng3 {[%emt 0:00:08]} g6 {[%emt 0:00:03]} 15. Bd2 {[%emt 0:01:45]} Bg7 {[%emt 0:00:42]} 16. Qc1 {[%emt 0:00:36] C95: Closed Ruy Lopez: Breyer Variation with 10 d4} c5 {[%emt 0:09:52]} (16... d5 17. Nxe5 Nxe5 18. dxe5 Nxe4 19. Nxe4 dxe4 20. Bxe4 Bxe4 21. Rxe4 Qd5 22. Qc2 Rxe5 23. Rae1 Rae8 24. Rxe5 Rxe5 25. Rxe5 Bxe5 {½-½ (41) Antipov,M (2582)-Jumabayev,R (2603) Bastia 2017}) 17. d5 {[%emt 0:02:20]} c4 {[%emt 0:02:55]} 18. Bh6 {[%emt 0:03:56]} Bh8 $146 {[%emt 0:25:41]} ({Predecessor:} 18... Nc5 19. Bxg7 Kxg7 20. Qg5 Bc8 21. Nh4 Kh8 22. f4 Nfd7 23. Qxd8 Rxd8 {1-0 (58) Czupor,A (1962)-Toelly,M (1653) Bad Gleichenberg 2013}) 19. Nh4 {[%emt 0:14:05]} Nc5 {[%emt 0:03:49]} 20. Bg5 {[%emt 0:05:30]} Bg7 {[%emt 0:07:05]} 21. Bh6 {[%emt 0:24:09]} Kh8 {[%emt 0:11:12]} 22. Bxg7+ {[%emt 0:01:42]} Kxg7 23. Re3 {[%emt 0:08:08]} Bc8 {[%emt 0:04:21]} 24. Nf3 {[%emt 0:03:40]} Bd7 {[%emt 0:08:16]} 25. b4 {[%emt 0:00:36]} cxb3 {[%emt 0:00:25]} 26. axb3 {[%emt 0:00:04]} a5 {[%emt 0:00:47]} 27. Nd2 {[%emt 0:01:13]} Qc7 {[%emt 0:01:49]} 28. Rf3 {[%emt 0:01:13]} h6 {[%emt 0:03:57]} 29. Ndf1 {[%emt 0:02:06]} Rec8 {[%emt 0:08:07]} 30. Rxf6 {[%emt 0:03:31]} Kxf6 {[%emt 0:00:10]} 31. Qxh6 {[%emt 0:00:03]} Rh8 {[%emt 0:00:46]} 32. Nh5+ {[%emt 0:00:08]} Ke7 {[%emt 0:00:08]} 33. Qg5+ {[%emt 0:00:03]} Kf8 {[%emt 0:00:16]} 34. Nf6 {[%emt 0:00:31]} Qd8 {[%emt 0:01:28]} 35. Ng3 {[%emt 0:00:07]} Be8 {[%emt 0:03:38]} 36. f4 {[%emt 0:01:03]} exf4 {[%emt 0:03:43]} 37. Qxf4 {[%emt 0:00:25]} Qe7 {[%emt 0:01:16]} 38. b4 {[%emt 0:01:52]} Nd7 {[%emt 0:01:00]} 39. Nxd7+ {[%emt 0:00:58]} Bxd7 {[%emt 0:00:21]} 40. bxa5 {[%emt 0:00:08]} Kg7 {[%emt 0:00:00]} 41. Ne2 Rhc8 42. Bd3 {[%emt 0:09:43]} Qe5 {[%emt 0:16:12]} 43. Qe3 {[%emt 0:03:09]} Ra6 {[%emt 0:03:02]} 44. Qd4 {[%emt 0:03:38]} Qxd4+ {[%emt 0:02:51]} 45. Nxd4 {[%emt 0:00:09]} Rxc3 {[%emt 0:00:06]} 46. Bxb5 {[%emt 0:00:04]} (46. Bf1 $15) 46... Bxb5 {[%emt 0:00:37]} 47. Nxb5 {[%emt 0:00:08]} Rc5 {[%emt 0:00:52]} 48. Rb1 {[%emt 0:01:47] [#]} Kf6 $1 {[%emt 0:03:45]} 49. Nd4 {[%emt 0:00:36]} Rcxa5 {[%emt 0:01:53]} 50. Rf1+ {[%emt 0:01:07]} Kg7 51. Nc6 {[%emt 0:01:39]} Rc5 {[%emt 0:02:19]} 52. Nd8 {[%emt 0:00:54]} Ra7 {[%emt 0:01:31]} 53. Rf4 {[%emt 0:02:54]} Rc2 {[%emt 0:00:35]} 54. Kh2 {[%emt 0:00:52]} Raa2 {[%emt 0:01:16]} 55. Rg4 {[%emt 0:00:05]} Re2 {[%emt 0:00:15]} 56. Nb7 {[%emt 0:00:10]} Ra6 {[%emt 0:00:27]} 57. Kg3 {[%emt 0:00:24]} Kf8 {[%emt 0:02:37]} 58. Nd8 {[%emt 0:00:42]} Raa2 {[%emt 0:01:15]} 59. Kh2 {[%emt 0:00:17]} Ke8 {[%emt 0:00:54]} 60. Nc6 {[%emt 0:00:25]} Ra4 {[%emt 0:00:31]} 61. Rh4 {[%emt 0:00:32]} Kf8 {[%emt 0:00:21]} 62. Kg3 {[%emt 0:01:02]} Raxe4 {[%emt 0:01:05]} 63. Rxe4 {[%emt 0:00:03]} Rxe4 {[%emt 0:00:10]} 64. Kf3 {[%emt 0:00:04]} Re1 {[%emt 0:00:12]} 65. g3 {[%emt 0:00:17]} Kg7 66. Kf4 Rd1 {[%emt 0:00:32]} 67. Ke4 $19 {[%emt 0:00:12]} f5+ {[%emt 0:00:11] Kd4} 0-1

[Event "EYTCC Open U18 2018"]
[Site "Bad Blankeburg"]
[Date "2018.07.18"]
[Round "7"]
[White "Turan, Asim"]
[Black "Urban, Konstantin"]
[Result "1/2-1/2"]
[WhiteElo "2041"]
[BlackElo "2325"]
[Annotator "ChessBase"]
[PlyCount "66"]
[EventDate "2018.07.12"]
[EventType "swiss"]
[EventCountry "GER"]
[SourceTitle "playchess.com"]
[Source "ChessBase"]
[SourceQuality "1"]
[WhiteTeam "Turkey"]
[BlackTeam "Germany"]
[WhiteTeamCountry "TUR"]
[BlackTeamCountry "GER"]
[TimeControl "40/5400+30:1800+30"]

1. d4 {[%emt 0:00:00]} Nf6 {[%emt 0:00:00]} 2. c4 {[%emt 0:00:00]} g6 {[%emt 0:00:00]} 3. f3 {[%emt 0:00:00]} Bg7 {[%emt 0:00:00]} 4. e4 {[%emt 0:00:00]} d6 {[%emt 0:00:00]} 5. Ne2 {[%emt 0:00:00]} O-O {[%emt 0:00:13]} 6. Be3 {[%emt 0:00:00]} Nbd7 {[%emt 0:00:31]} 7. Qd2 {[%emt 0:00:17]} c5 {[%emt 0:01:10]} 8. d5 {[%emt 0:00:40]} a6 {[%emt 0:05:19]} 9. a4 {[%emt 0:01:26]} Ne5 {[%emt 0:02:39]} 10. Nec3 {[%emt 0:00:37]} e6 {[%emt 0:08:21]} 11. Be2 {[%emt 0:02:25]} exd5 {[%emt 0:00:16]} 12. cxd5 {[%emt 0:00:15]} Nh5 {[%emt 0:04:38]} 13. O-O {[%emt 0:01:55]} f5 {[%emt 0:02:43]} 14. exf5 {[%emt 0:00:49]} gxf5 {[%emt 0:01:17]} 15. Bh6 {[%emt 0:00:59]} Rf7 {[%emt 0:10:28]} 16. Bxg7 {[%emt 0:03:30]} Rxg7 {[%emt 0:00:48]} 17. f4 {[%emt 0:10:58]} Ng4 {[%emt 0:00:22]} 18. Bxg4 {[%emt 0:01:28]} fxg4 {[%emt 0:03:16]} 19. g3 {[%emt 0:03:44]} Bf5 {[%emt 0:02:44]} 20. Na3 {[%emt 0:01:42]} Qd7 {[%emt 0:05:50]} 21. Rae1 {[%emt 0:02:50]} Re8 {[%emt 0:04:07]} 22. Rxe8+ {[%emt 0:01:29]} Qxe8 {[%emt 0:00:01]} 23. Nc4 {[%emt 0:02:41]} Qd7 {[%emt 0:01:06]} 24. a5 {[%emt 0:00:47]} Re7 {[%emt 0:01:19]} 25. Re1 {[%emt 0:00:42]} Nf6 {[%emt 0:00:49]} 26. Rxe7 {[%emt 0:01:23]} Qxe7 {[%emt 0:00:02]} 27. Qe3 {[%emt 0:01:29]} Kf7 {[%emt 0:01:03]} 28. Qxe7+ {[%emt 0:02:23]} Kxe7 {[%emt 0:00:02]} 29. Nb6 {[%emt 0:02:17]} Ne8 {[%emt 0:12:08]} 30. Kf2 {[%emt 0:05:59]} h5 {[%emt 0:03:50]} 31. Nc4 {[%emt 0:12:06]} Bd3 {[%emt 0:05:01]} 32. Ne3 {[%emt 0:01:07]} Ng7 {[%emt 0:03:14]} 33. Ke1 {[%emt 0:02:12]} Bh7 {[%emt 0:02:08]} 1/2-1/2